Pyridine-functionalized Polymeric Catalysts for CO2-Reduction

Melanie Weichselbaumer presents the synthesis of the monomers as well as the electropolymerization on Pt-electrodes. The electrolysis experiments were carried out for 40 hours and the products were analysed by gas chromatography and ionic chromatography. Pyridine-functionalized and Rheniumbipyridine...

Full description

Bibliographic Details
Main Author: Weichselbaumer, Melanie (Author)
Corporate Author: SpringerLink (Online service)
Format: Electronic eBook
Language:English
Published: Wiesbaden : Springer Fachmedien Wiesbaden : Imprint: Springer Spektrum, 2015.
Series:BestMasters
Subjects:
Online Access:Full Text via HEAL-Link
LEADER 02593nam a22005055i 4500
001 978-3-658-10358-3
003 DE-He213
005 20151204180145.0
007 cr nn 008mamaa
008 150622s2015 gw | s |||| 0|eng d
020 |a 9783658103583  |9 978-3-658-10358-3 
024 7 |a 10.1007/978-3-658-10358-3  |2 doi 
040 |d GrThAP 
050 4 |a TJ807-830 
072 7 |a THX  |2 bicssc 
072 7 |a TEC031010  |2 bisacsh 
082 0 4 |a 621.042  |2 23 
100 1 |a Weichselbaumer, Melanie.  |e author. 
245 1 0 |a Pyridine-functionalized Polymeric Catalysts for CO2-Reduction  |h [electronic resource] /  |c by Melanie Weichselbaumer. 
264 1 |a Wiesbaden :  |b Springer Fachmedien Wiesbaden :  |b Imprint: Springer Spektrum,  |c 2015. 
300 |a XVII, 60 p. 37 illus.  |b online resource. 
336 |a text  |b txt  |2 rdacontent 
337 |a computer  |b c  |2 rdamedia 
338 |a online resource  |b cr  |2 rdacarrier 
347 |a text file  |b PDF  |2 rda 
490 1 |a BestMasters 
520 |a Melanie Weichselbaumer presents the synthesis of the monomers as well as the electropolymerization on Pt-electrodes. The electrolysis experiments were carried out for 40 hours and the products were analysed by gas chromatography and ionic chromatography. Pyridine-functionalized and Rheniumbipyridine-functionalized Polythiophenes can be used as heterogeneous catalysts for CO2 reduction. Contents Carbon Dioxide: A Greenhouse Gas Carbon Capture and Storage Setup for Electropolymerization/Electrolysis Chemical Synthesis of Pyridine-functionalized and Rheniumbipyridine-functionalized Thiophenes Target Groups Researchers and students in the fields of greenhouse gas, global warming, CO2-reduction, electrochemistry and chemical synthesis Practitioners in these areas The Author Melanie Weichselbaumer obtained her Master’s Degree under the supervision of o.Univ. Prof. Mag. Dr. DDr. h.c. N. S. Sariciftci at University of Linz, Austria. 
650 0 |a Energy. 
650 0 |a Renewable energy resources. 
650 0 |a Physical chemistry. 
650 0 |a Catalysis. 
650 0 |a Renewable energy sources. 
650 0 |a Alternate energy sources. 
650 0 |a Green energy industries. 
650 1 4 |a Energy. 
650 2 4 |a Renewable and Green Energy. 
650 2 4 |a Physical Chemistry. 
650 2 4 |a Catalysis. 
710 2 |a SpringerLink (Online service) 
773 0 |t Springer eBooks 
776 0 8 |i Printed edition:  |z 9783658103576 
830 0 |a BestMasters 
856 4 0 |u http://dx.doi.org/10.1007/978-3-658-10358-3  |z Full Text via HEAL-Link 
912 |a ZDB-2-ENE 
950 |a Energy (Springer-40367)